000 00719nam a2200205 i 4500
001 5864
003 ES-MaACL
005 20230906144717.0
007 t|
008 890601s1987 sp ||||1| spa d
080 _a86-311.2"16"
080 _a86(Piña, J.7 N.01)
100 1 _aPiña, Juan de.
_992247
245 1 0 _aNovelas exemplares y prodigiosas historias /
_cJuan de Piña ; edicion, introduccion y notas de Encarnacion Garcia de Dini.
260 _aVerona :
_bUniversita degli Studi di Pisa, Facolta di Lingue e Letterature Straniere,
_c1987.
300 _a238 p. ;
_c23 cm.
700 1 _aGarcía de Dini, Encarnación.
_954423
710 2 _aUniversità degli studi di Pisa.
_97471
852 _aES-MaACL
_jL-12907
999 _c5864
_d5864